Southville International School and Colleges
Your cart is empty.
  • Cart
  • Lists
    Public lists Eva Luna New books Lux_list list_1
    Your lists Log in to create your own lists
  • Log in to your account
  • Your cookies
  • Search history
Southville International School and Colleges
  • Advanced search
  • Recent comments
  • Most popular
  • Libraries

Log in to your account

Log in with GOOGLE


If you do not have an external account, but do have a local account, you can still log in:

  1. Home
  2. MARC view: The night, the spirit, rejoiced! /
Normal view MARC view ISBD view

The night, the spirit, rejoiced! / (Record no. 8679)

[ view plain ]
MARC details
000 -LEADER
fixed length control field 00540nam a22001937a 4500
003 - CONTROL NUMBER IDENTIFIER
control field OSt
005 - DATE AND TIME OF LATEST TRANSACTION
control field 20140310182036.0
008 - FIXED-LENGTH DATA ELEMENTS--GENERAL INFORMATION
fixed length control field 130815t xxu||||| |||| 00| 0 eng d
020 ## - INTERNATIONAL STANDARD BOOK NUMBER
International Standard Book Number 07424639
Terms of availability
050 ## - LIBRARY OF CONGRESS CALL NUMBER
Classification number BV 2063
Item number .N687 1994
082 ## - DEWEY DECIMAL CLASSIFICATION NUMBER
Classification number HS 266.001
Item number W89 1991
110 ## - MAIN ENTRY--CORPORATE NAME
Corporate name or jurisdiction name as entry element Word of joy foundation, Inc.
9 (RLIN) 10697
245 ## - TITLE STATEMENT
Title The night, the spirit, rejoiced! /
260 ## - PUBLICATION, DISTRIBUTION, ETC. (IMPRINT)
Place of publication, distribution, etc Philippines :
Name of publisher, distributor, etc Word of joy foundation, Inc.,
Date of publication, distribution, etc 1991.
300 ## - PHYSICAL DESCRIPTION
Extent 64 p. ;
Other physical details ill.
Dimensions 22 cm.
650 ## - SUBJECT ADDED ENTRY--TOPICAL TERM
Topical term or geographic name as entry element Christianity
9 (RLIN) 10499
942 ## - ADDED ENTRY ELEMENTS (KOHA)
Source of classification or shelving scheme Library of Congress Classification
Holdings
Withdrawn status Lost status Source of classification or shelving scheme Damaged status Home library Current library Shelving location Date acquired Total Checkouts Full call number Barcode Date last seen Copy number Price effective from Koha item type
    Library of Congress Classification   Luxembourg Library Luxembourg Library High School Section 08/15/2013   BV 2063 .N687 1994 18419 06/13/2017 1 08/15/2013 Books

The night, the spirit, rejoiced! /

APA

Word of joy foundation I., . (1991). The night, the spirit, rejoiced!. Philippines: Word of joy foundation, Inc.

Chicago

Word of joy foundation Inc, . 1991. The night, the spirit, rejoiced!. Philippines: Word of joy foundation, Inc.

Harvard

Word of joy foundation I., . (1991). The night, the spirit, rejoiced!. Philippines: Word of joy foundation, Inc.

MLA

Word of joy foundation Inc, . The night, the spirit, rejoiced!. Philippines: Word of joy foundation, Inc. 1991.

  • Place hold
  • Print
  • Cite
  • Add to your cart (remove)
  • Save record
    BIBTEX Dublin Core MARCXML MARC (non-Unicode/MARC-8) MARC (Unicode/UTF-8) MARC (Unicode/UTF-8, Standard) MODS (XML) RIS
  • More searches
    Search for this title in:
    Other Libraries (WorldCat) Other Databases (Google Scholar) Online Stores (Bookfinder.com) Open Library (openlibrary.org)

Exporting to Dublin Core...

SOUTHVILLE LIBRARY

Southville International School and Colleges Library

1281 Tropical Ave. Cor. Luxembourg St., BF Homes International, Las Pinas City

Tel. No. 8256374 / 252358 Loc. 117/146

Powered by Koha